000 004470000a22001690004500
003 LK-CoMWRAF
008 230817t ||||| |||| 00| 0 eng d
040 _aLK-CoMWRAF
_dLK-CoMWRAF
_eLK-CoMWRAF
041 _aeng
082 _a400
100 _aVitharana, Gamini Meedeniya
245 _aSuttadalum athan Iyatkai Mukamaithuvamum
_bPennkalukana Paitsik Kainool
260 _aColombo
_bCENWOR
_c
300 _ap.68
650 _aTamil
942 _cBK
999 _c3155
_d3155